Statistics for Three syllable U.S states

Click here to take the quiz!

General Stats

  • This quiz has been taken 853 times
  • The average score is 22 of 25

Answer Stats

Answer% Correct
Florida
96%
Alaska
93%
Arkansas
90%
Idaho
90%
Oregon
90%
Hawaii
89%
Kentucky
89%
Montana
89%
New Jersey
89%
Illinois
88%
Michigan
88%
Wyoming
88%
Ohio
87%
Washington
87%
Nevada
86%
Iowa
85%
Wisconsin
84%
Missouri
83%
Tennessee
83%
Delaware
82%
Nebraska
82%
New Hampshire
82%
Maryland
80%
Virginia
80%
Rhode Island
76%

Score Distribution

Percentile by Number Answered

Percent of People with Each Score

Your Score History

You have not taken this quiz